| 000 | 00761nam a22002177a 4500 | ||
|---|---|---|---|
| 003 | LK-CoDNM | ||
| 005 | 20241114124557.0 | ||
| 008 | 241015b |||||||| |||| 00| 0 eng d | ||
| 040 |
_aLK-CoDNM _dLK-CoDNM _eLK-CoDNM |
||
| 041 | _asin | ||
| 080 |
_aප්ර.ශ _b48 |
||
| 245 |
_aශ්රී ලංකා මිත්රයා -1914 _b1 කාණ්ඩය 4 කලාපය |
||
| 260 |
_c1914 _aකොළඹ _bශ්රී භාරතී මුද්රණාලය |
||
| 300 | _b15p. ; 26 cm | ||
| 650 | _aශ්රී ලංකා මිත්රයා -1914 | ||
| 650 | _a1 කාණ්ඩය 4 කලාපය | ||
| 650 | _aමාසික සගරාව | ||
| 650 | _aප්ර.ශ 48 | ||
| 650 | _a1914 | ||
| 942 | _cBK | ||
| 999 |
_c229909 _d229909 |
||